Wszystkie języki słowiańskie (z mapą) - Statystyki

Ogólne statystyki
  • Ten quiz został rozwiązany 662 razy
    639 od ostatniego zresetowania
  • Średni wynik to 15 z 18
Odpowiedzi na mapie
Odpowiedzi zakodowano w zielono-czerwonej skali na mapie do tego quizu, zgodnie z poniższymi procentami.
 
Statystyki odpowiedzi
Poddział Grupa L1 Język lub Dialekt % Poprawnych
Wschodniosłowiańskie - 150 mln Rosyjski
99%
Zachodniosłowiańskie - 38 mln Polski
98%
Zachodniosłowiańskie - 10 mln Czeski
97%
Wschodniosłowiańskie - 3.3 mln Białoruski
96%
Wschodniosłowiańskie - 32 mln Ukraiński
96%
Zachodniosłowiańskie - 5.2 mln Słowacki
95%
Południowosłowiańskie - 7.8 mln Bułgarski
93%
Południowosłowiańskie - 1.4 mln Macedoński
93%
Południowosłowiańskie - 2.1 mln Słoweński
93%
Południowosłowiańskie Serbsko-Chorwacki 5.6 mln Chorwacki
88%
Południowosłowiańskie Serbsko-Chorwacki 9.0 mln Serbski
88%
Zachodniosłowiańskie - 50 tyś. Kaszubski
83%
Zachodniosłowiańskie Polski 522 tyś. Śląski
81%
Południowosłowiańskie Serbsko-Chorwacki 2.5 mln Bośniacki
80%
Południowosłowiańskie Serbsko-Chorwacki 240 tyś. Czarnogórski
70%
Zachodniosłowiańskie - 20 tyś. Łużycki
45%
Wschodniosłowiańskie - 70 tyś. Rusiński
43%
Południowosłowiańskie - 24 mln Serbsko-Chorwacki
23%
Nie znaleziono quizów pasujących do podanych kryteriów
Rozkład punktacji
Procent ludzi z każdym wynikiem
Percentyl według liczby udzielonych odpowiedzi
Twoja historia wyników
Nie rozwiązałeś tego quizu od ostatniego zresetowania